00531nam a2200193 a 4500001001300000003000900013005001700022008004100039020002400080082001500104100001900119245006600138260003300204300000900237500003500246505002400281650001300305700001900318nice12345678IN_TiNIC20260116013157.0050524s1991 newa grp 000 0 eng  a0883443 c117500a266.2bBOS aBosch, David J aTransforming Missionb Paradigm Shifts in Theology of Mission aNew YorkbOrbis Books c1991 a587p aincludes index and biblioraphy2 aBibliography, Index aMissions1 aBosch, David J